000
00259nam a22001217a 4500
008
170418b xxu||||| |||| 00| 0 eng d
041
_a
eng
080
_2
10 ED
_a
579
100
_a
11
101
_a
SHM
245
_a
MICROBIOLOGY
_c
FUNKE.B.R
942
_2
udc
_c
BK
999
_c
10914
_d
10914